000 01249cam a22003497a 4500
003 CHAP
005 20220329143043.0
008 051031d2002 mx abd r 00110 spa d
010 _a91255
011 _a92227
020 _a9687913193
035 _a102791
040 _cCHAP
082 0 4 _a574.5
_bY38Y
100 0 0 _aYassi, Annalee.
_9123007
245 1 0 _aSalud ambiental básica
_c/por Annalee Yassi [y otros]
260 _aMéxico, D. F. :
_bPrograma de las Naciones Unidas para el Medio Ambiente. Oficina Regional para América Latina y El Caribe,
_c2002
300 _a550 p. :
_bilus. ; gráfs. ; mapa ; tablas
490 0 _aSerie textos básicos para la formación ambiental
_v; 7
590 _aBATCH-UPD
_b10
_c20130110
_lUCH01
_h1111
590 _aBATCH-UPD
_b10
_c20130410
_lUCH01
_h0702
590 _aBATCH-UPD
_b10
_c20130914
_lUCH01
_h1244
590 _aCONVERSION
_b10
_c20130109
_lUCH01
_h1351
650 1 4 _aEducación ambiental.
_935556
650 1 4 _aMedio ambiente.
_974065
650 1 4 _aSalud.
_9101807
830 0 0 _aSerie textos básicos para la formación ambiental
_v; 7
_9105055
901 _aBK
905 _aMarco A. Mendoza T.
942 _cLIBRO
949 _a574.5 Y38Y
_bBC
_cLIBRO
_d33724000967105
_eLIBRO
_h107396
_i102791
_si
999 _c91255
_d91255